000
00307nam a22001217a 4500
999
_c
3002
_d
3002
005
20200925141836.0
008
200925b ||||| |||| 00| 0 eng d
020
_a
9780751544732
040
_c
CML
245
_a
Unnatural Exposure.
_c
Cornwell, P.
260
_a
London
_b
Clays Ltd
_c
1997
942
_2
ddc
_c
BK
_k
F
_m
COR